000 00536nam a2200169Ia 4500
005 20260601193219.0
008 260601s9999||||xx |||||||||||||| ||und||
020 _a978-3-031-41463-3
_qebk
100 _aRobin Sharp
245 0 _aIntroduction to Cybersecurity
250 _a1st ed. 2024
260 _aHeidelberg, Germany
_bSpringer Nature
_c2024
440 _aUndergraduate Topics in Computer Science
650 _aComputer Science
856 _uhttps://link.springer.com/openurl?genre=book&isbn=978-3-031-41463-3
942 _cEB
_2ddc
999 _c55740
_d55740